LEADER 01104nam0-2200397-i-450- 001 990009576370403321 005 20120518141942.0 010 $a978-1-4614-2199-3 010 $a978-1-4614-2200-6 035 $a000957637 035 $aFED01000957637 035 $a(Aleph)000957637FED01 035 $a000957637 100 $a20120518d2012----km-y0itay50------ba 101 0 $aeng 102 $aUS 105 $aa---a---001yy 200 1 $aVector analysis versus vector calculus$fAntonio Galbis, Manuel Maestre 210 $aNew York$cSpringer$d2012 215 $aXIII, 375 p.$d24 cm 225 1 $aUniversitext 610 0 $aAnalisi globale$aAnalisi sulle varietà 610 0 $aGeometria differenziale 676 $a514.7$v21$zita 700 1$aGalbis,$bAntonio$0477037 701 1$aMaestre,$bManuel$0352377 801 0$aIT$bUNINA$gREICAT$2UNIMARC 901 $aBK 912 $a990009576370403321 952 $aC-6-(251$b25258$fMA1 959 $aMA1 962 $a58-XX 962 $a53-XX 962 $a79-XX 996 $aVector analysis versus vector calculus$9846474 997 $aUNINA LEADER 01113nam0-22003611i-450- 001 990000774660403321 005 20001010 010 $a88-7758-002-X 035 $a000077466 035 $aFED01000077466 035 $a(Aleph)000077466FED01 035 $a000077466 100 $a20001010d--------km-y0itay50------ba 101 0 $aita 105 $ay-------001yy 200 1 $aAnalisi e progettazione di fondazioni su pali$fH. G. Poulos, E. H. Davis$g[traduzione di Elio G. Modica] 210 $aPalermo$cD. Flaccovio$dc1987 215 $a412 p.$cgraf.$d29 cm 300 $aTrad. dall'inglese dell'ed. pubbl. da John Wiley, c1980 Bibliografia: p. [387]-398 Include vari indici 610 0 $aPali 610 0 $aFondazioni 676 $a624.154 700 1$aPoulos,$bH. G.$031174 702 1$aDavis,$bEdward Hughesdon 702 1$aModica,$bElio G. 801 0$aIT$bUNINA$gRICA$2UNIMARC 901 $aBK 912 $a990000774660403321 952 $aTECN C 240$bINV.3384$fFARBC 959 $aFARBC 996 $aANALISI E PROGETTAZIONE DI FONDAZIONI SU PALI$9316281 997 $aUNINA DB $aING01